000 00890nam a2200217 i 4500
001 105645
003 ES-MaACL
005 20230906183935.0
007 t|
008 060802s1930 fr |||| | fre d
080 _a821.133.1-94"19"
100 1 _aMéric, Victor.
_980493
245 1 0 _aA travers la jungle politique et littéraire.
_nPremière série,
_pLaurent Tailhade. Une saison à la Santé. La petite bohème. Joyeusetés électorales. Gustave Hervé. Une élection sous Clemenceau. Camille Pelletan /
_cVictor Méric.
260 _aParis :
_bLibrairie Valois,
_c1930.
300 _a281 p. :
_bil. ;
_c21 cm.
490 1 _aSouvenirs et récits de notre temps
651 4 _aFrancia-
_xPolítica y gobierno-
_y1870-1940.
_9162878
830 0 _aSouvenirs et récits de notre temps
_9232758
852 _aES-MaACL
_jAND-454
_z. - Biblioteca Juan Andrade
999 _c105645
_d105645